LEADER 01056nam1-22003611n-450- 001 990001126520203316 005 20050426091942.0 035 $a000112652 035 $aUSA01000112652 035 $a(ALEPH)000112652USA01 035 $a000112652 100 $a20030120-1983----m||y0itay0103----ba 101 0 $aita 102 $aIT 200 1 $aDoris Day$fdi George Morris$ga cura di Ted Sennett 210 $aMilano$cMilano libri$d1983 215 $a149 p.$cill.$d19 cm 225 2 $aStoria illustrata del cinema 410 $12001$aStoria illustrata del cinema 600 1$aDay,$bDoris 676 $a791.43028092 700 1$aMORRIS,$bGeorge$0529729 702 1$aSENNETT,$bTed 801 0$aIT$bsalbc$gISBD 912 $a990001126520203316 951 $aXIII.2. Coll. 2/ 15(XVI B 157)$b140227 L.M.$cXVI B$d00083312 959 $aBK 969 $aUMA 979 $aRENATO$b10$c20030120$lUSA01$h1118 979 $aPATRY$b90$c20040406$lUSA01$h1718 979 $aCOPAT3$b90$c20050426$lUSA01$h0919 996 $aDoris Day$9981852 997 $aUNISA LEADER 01972nam 2200553Ia 450 001 9910457977503321 005 20200520144314.0 010 $a1-60780-624-X 035 $a(CKB)2560000000011058 035 $a(EBL)536375 035 $a(OCoLC)645096513 035 $a(SSID)ssj0000675007 035 $a(PQKBManifestationID)11444427 035 $a(PQKBTitleCode)TC0000675007 035 $a(PQKBWorkID)10668442 035 $a(PQKB)10231939 035 $a(MiAaPQ)EBC536375 035 $a(Au-PeEL)EBL536375 035 $a(CaPaEBR)ebr10391354 035 $a(EXLCZ)992560000000011058 100 $a20100719d2010 uy 0 101 0 $aeng 135 $aur|n|---||||| 181 $ctxt 182 $cc 183 $acr 200 00$aUnited Kingdom$b[electronic resource] $ecommunications 205 $a2nd ed. 210 $aPetaluma, CA $cWorld Trade Press$d2010 215 $a1 online resource (45 p.) 300 $aDescription based upon print version of record. 320 $aIncludes web resources. 330 $aGet all three comprehensive reports bundled into one for a complete media and communications profile of United Kingdom. An excellent source of practical information, this profile offers an extensive dialing guide with city codes, a listing of ISPs and Internet cafes, profiles of the major media outlets (with contact info!) and more. 517 3 $aUnited Kingdom communications 606 $aTelecommunication$zGreat Britain$vDirectories 606 $aTelecommunication$zGreat Britain$xInformation services$vDirectories 607 $aGreat Britain$vDirectories 607 $aGreat Britain$vGuidebooks 608 $aElectronic books. 615 0$aTelecommunication 615 0$aTelecommunication$xInformation services 676 $a302.2309 801 0$bMiAaPQ 801 1$bMiAaPQ 801 2$bMiAaPQ 906 $aBOOK 912 $a9910457977503321 996 $aUnited Kingdom$91926248 997 $aUNINA LEADER 01383nam 2200421 450 001 9910154836003321 005 20230810001452.0 010 $a1-63472-234-5 035 $a(CKB)3710000000972139 035 $a(MiAaPQ)EBC5155026 035 $a(EXLCZ)993710000000972139 100 $a20180507d2017 uy 0 101 0 $aeng 135 $aurcnu|||||||| 181 $ctxt$2rdacontent 182 $cc$2rdamedia 183 $acr$2rdacarrier 200 10$aWater parks /$fby Virginia Loh-Hagan 210 1$aAnn Arbor, Michigan :$cCherry Lake Publishing,$d2017. 215 $a1 online resource (24 pages) $cillustrations 225 1 $aExtraordinary Engineering 300 $a"21st Century Junior Library"--Title page. 311 $a1-63472-168-3 320 $aIncludes bibliographical references and index. 327 $aWhat are water parks? -- How does gravity affect waterslides? -- How does inertia work? -- How do waterslides reduce friction? -- Try this! 606 $aWaterslides$vJuvenile literature 606 $aHydraulic engineering$vJuvenile literature 615 0$aWaterslides 615 0$aHydraulic engineering 676 $a791.068 700 $aLoh-Hagan$b Virginia$01225467 801 0$bMiAaPQ 801 1$bMiAaPQ 801 2$bMiAaPQ 906 $aBOOK 912 $a9910154836003321 996 $aWater parks$92893678 997 $aUNINA